Vista normal
Vista MARC
Entrada Nombre geográfico
Número de registros utilizados en: 1
001 - NÚMERO DE CONTROL
- campo de control: 77361
003 - IDENTIFICADOR DEL NÚMERO DE CONTROL
- campo de control: BNPHU
005 - FECHA Y HORA DE LA ÚLTIMA TRANSACCIÓN
- campo de control: 20240409204201.0
008 - DATOS DE LONGITUD FIJA
- campo de control de longitud fija: 201123|| aca||aabn | a|a d
040 ## - FUENTE DE LA CATALOGACIÓN
- Centro catalogador/agencia de origen: DO-SdBNP
- Lengua de catalogación: spa
- Centro/agencia transcriptor: BNPHU
- Normas de descripción: rda
151 ## - ENCABEZAMIENTO--NOMBRE GEOGRÁFICO
- Nombre geográfico: República Dominicana --
- Subdivisión general: Historia --
- Subdivisión cronológica: Segunda República, 1865-1916
451 ## - TRAZADO DE VÉASE--NOMBRE GEOGRÁFICO
- Nombre geográfico: Dominican Republic --
- Subdivisión general: History --
- Subdivisión cronológica: Republic, 1865-1916
670 ## - FUENTE DE DATOS ENCONTRADOS
- Cita de la fuente: Work cat.: (OSt)30957: De oportunidad., 1907.
670 ## - FUENTE DE DATOS ENCONTRADOS
- Identificador Uniforme del Recurso: LEMB Digita, 09 abril, 2024
